<?xml version="1.0" encoding="UTF-8"?>
<marc:record xmlns:marc="http://www.loc.gov/MARC21/slim">
   <marc:leader>00000nam a2200000 a 4500</marc:leader>
   <marc:datafield ind1="1" ind2=" " tag="100">
      <marc:subfield code="a">Sucher, Kerstin</marc:subfield>
      <marc:subfield code="4">aut</marc:subfield>
      <marc:subfield code="e">Verfasser/-in</marc:subfield>
   </marc:datafield>
   <marc:datafield ind1="1" ind2=" " tag="100">
      <marc:subfield code="a">Wurlitzer, Bernd</marc:subfield>
      <marc:subfield code="4">aut</marc:subfield>
      <marc:subfield code="e">Verfasser/-in</marc:subfield>
   </marc:datafield>
   <marc:datafield ind1=" " ind2=" " tag="653">
      <marc:subfield code="a">Führer</marc:subfield>
   </marc:datafield>
   <marc:datafield ind1="0" ind2="0" tag="245">
      <marc:subfield code="a">Weimar mit Umgebung</marc:subfield>
   </marc:datafield>
   <marc:datafield ind1="0" ind2="0" tag="245">
      <marc:subfield code="b">Reisen mit Insider-Tipps ; [mit City-Atlas</marc:subfield>
   </marc:datafield>
   <marc:datafield ind1="0" ind2="0" tag="245">
      <marc:subfield code="c">Autoren: Kerstin Sucher ; Bernd Wurlitzer</marc:subfield>
   </marc:datafield>
   <marc:datafield ind1=" " ind2="1" tag="264">
      <marc:subfield code="a">Ostfildern</marc:subfield>
      <marc:subfield code="b">MairDumont</marc:subfield>
      <marc:subfield code="c">2008</marc:subfield>
   </marc:datafield>
   <marc:datafield ind1="1" ind2=" " tag="490">
      <marc:subfield code="a">Marco Polo</marc:subfield>
   </marc:datafield>
   <marc:datafield ind1=" " ind2=" " tag="250">
      <marc:subfield code="a">9., aktualisierte Aufl.</marc:subfield>
   </marc:datafield>
   <marc:datafield ind1="1" ind2=" " tag="520">
      <marc:subfield code="a">Angaben aus der Verlagsmeldung

Weimar : Mit Umgebung

Leises Klavierspiel klingt aus der Musikhochschule Franz Liszt herüber. Jogger traben durch den Park an der Ilm. Vor Goethes Wohnhaus erzählt eine Stadtführerin die Geschichte des großen Dichters. Und auf der Terrasse des Residenz-Cafés, kurz "Resi", gibt es frisches Schokoladen-Soufflé. Gemütlichkeit im Schafften großer Kultur: Das ist Weimar. Ein Städtchen im Herzen von Thüringen mit kaum mehr als 60.000 Einwohnern, das man einfach mögen muss. Auch wenn fast alle Besucher wegen Goethe, Schiller und Anna Amalia kommen: Weimar ist mehr als die Geburtsstätte der Klassik. Es ist ein Idyll - mit weltstädtischem Flair.
Szene-Guide, 24h Action pur
</marc:subfield>
   </marc:datafield>
   <marc:datafield ind1=" " ind2=" " tag="020">
      <marc:subfield code="a">9783829705912</marc:subfield>
      <marc:subfield code="9">9783829705912</marc:subfield>
   </marc:datafield>
   <marc:datafield ind1=" " ind2=" " tag="041">
      <marc:subfield code="a">ger</marc:subfield>
   </marc:datafield>
   <marc:datafield ind1=" " ind2=" " tag="300">
      <marc:subfield code="a">123 S.</marc:subfield>
   </marc:datafield>
</marc:record>
